| 000 | 00000nam##2200000za#4500 |
| 001 | 9.694510 |
| 003 | CaOODSP |
| 005 | 20210624234142 |
| 007 | cr ||||||||||| |
| 008 | 150407|2007||||xxc|||||o f|0| 0 eng|d |
| 040 | |aCaOODSP|beng |
| 043 | |an-cn--- |
| 086 | 1 |aNH15-459/2007E-PDF |
| 110 | 2 |aCanada Mortgage and Housing Corporation. |
| 245 | 10|aFederal government renovation assistance evaluation plan |h[electronic resource] |
| 260 | |aOttawa - Ontario : |bCanada Mortgage and Housing Corporation |cDecember 2007. |
| 300 | |a24p.|bfig., tables |
| 500 | |aOn cover: Audit and Evaluation Services. |
| 590 | |a11-27-Supp|b2011-11-15 |
| 690 | 07|aFederal programs|2gcpds |
| 690 | 07|aFinancial assistance|2gcpds |
| 690 | 07|aHome renovations|2gcpds |
| 690 | 07|aPolicy review|2gcpds |
| 775 | 08|tProgrammes d'aide à la rénovation du gouvernement fédéral : |w(CaOODSP)9.638683 |
| 856 | 40|ahttp://publications.gc.ca|qPDF|s1.15 MB|uhttps://publications.gc.ca/collections/collection_2011/schl-cmhc/NH15-459-2007-eng.pdf |